000
00330nam a2200133Ia 4500
008
150201s2013 xx 000 0 und d
082
_a
616.07
_b
P13N
100
_a
NAYAK, RAMADAS
245
_a
TB. OF PATHOLOGY & GENETICS FOR NURSES
260
_b
JAYPEE
_a
DELHI
_c
2013
300
_a
404
650
_a
PATHOLOGY
942
_2
ddc
_c
BK
_0
4
999
_c
2442
_d
2442